Sports Quiz

Random Sports or Football Quiz
Score 0/18 Timer 05:00
0 Plays Today
Year Enshrined Member % Correct
2010Joe Namath
97.2%
2010Curtis Martin
88.9%
2010Don Maynard
77.8%
2010Joe Klecko
76.4%
2012Mark Gastineau
73.6%
2015Matt Snell
58.3%
2011Freeman McNeil
52.8%
2011Al Toon
52.8%
2014Wayne Chrebet
52.8%
Year Enshrined Member % Correct
2012Wesley Walker
51.4%
2015Emerson Boozer
51.4%
2017Kevin Mawae
50%
2013Marty Lyons
48.6%
2010Weeb Ewbank
45.8%
2010Winston Hill
29.2%
2014Leon Hess
20.8%
2011Larry Grantham
18.1%
2011Gerry Philbin
16.7%
Remove Ads.
Support Sporcle.
Get the best of Sporcle when you Go Orange. This ad-free experience offers more features, more stats, and more fun while also helping to support Sporcle. Thank you for becoming a member.

You're not logged in!

Compare scores with friends on all Sporcle quizzes.
OR
Log In

Show Comments

Extras

Top Quizzes Today


Score Distribution

Your Account Isn't Verified!

In order to create a playlist on Sporcle, you need to verify the email address you used during registration. Go to your Sporcle Settings to finish the process.

Report this User

Report this user for behavior that violates our Community Guidelines.

Details: